000 00251nam a2200121Ia 4500
100 _aPaeg/ H.
942 _cBK
654 _apower
245 _aPower factor correction
260 _bWiley eastern
_aNew Delhi
_c1991
546 _aENGLISH
999 _c20355
_d20355